MARC

LEADER 00000nam0a2200000 4500
001 205998
005 20231031190600.0
035 |a (RuTPU)RU\TPU\book\224538 
090 |a 205998 
100 |a 20111221d1976 km y0rusy50 ca 
101 1 |a rus  |c eng 
102 |a RU 
105 |a a z 000zy 
200 1 |a Жаропрочные сплавы  |e пер. с англ.  |f Ч. Симс, В. Хагель 
210 |a Москва  |c Металлургия  |d 1976 
215 |a 567 с.  |c ил. 
610 1 |a металлургия 
610 1 |a сплавы 
610 1 |a физические свойства 
610 1 |a жаропрочность 
610 1 |a жаропрочные сплавы 
610 1 |a жаропрочные свойства 
610 1 |a жаростойкость 
675 |a 669.018.44  |v 3 
700 1 |a Симс  |b Ч. 
701 1 |a Хагель  |b В. 
801 1 |a RU  |b 63413507  |c 20111221 
801 2 |a RU  |b 63413507  |c 20111228  |g RCR 
942 |c BK